000 00538 a2200145 4500
005 20250613065256.0
020 _a978-0-470-00991-8
082 _aLECT 658.406 PAL
100 _aPALADINO, B.
245 _aFive key principles of corporate performance management.
260 _aNew Jersey,
_bJohn Wiley & Sons, Inc.,
_c2007.
300 _axiv, 386p.: ill.; figure, table.
_bIndex,
_c23cm.
856 _yAccess online book
_fFive key principles of corporate performance management
_dhttp://www.wiley.com/go/permissions.
942 _2ddc
_cBKS
999 _c3922
_d3922